• AIU
  • Tony Wilmot Memorial Library

The use of core values in leadership : (Record no. 326)

MARC details
000 -LEADER
fixed length control field 00862nam a22002171a 4500
020 ## - INTERNATIONAL STANDARD BOOK NUMBER
Terms of availability 0.00
040 ## - CATALOGING SOURCE
Original cataloging agency NEGST Library - Kenya
050 ## - LIBRARY OF CONGRESS CALL NUMBER
Classification number BV 652.1.M35 2007
082 ## - DEWEY DECIMAL CLASSIFICATION NUMBER
Classification number BV 652.1.M35 2007
100 ## - MAIN ENTRY--PERSONAL NAME
Personal name Mtalimanja, Sellah M.
245 ## - TITLE STATEMENT
Title The use of core values in leadership :
Remainder of title a case srudy of Evangelical Association of Malawi (EAM)
Statement of responsibility, etc by Sellah M. Mtalimanja
Medium [Text]
260 ## - PUBLICATION, DISTRIBUTION, ETC. (IMPRINT)
Place of publication, distribution, etc Nairobi, Kenya.]
Name of publisher, distributor, etc [NEGST
Date of publication, distribution, etc 2007
300 ## - PHYSICAL DESCRIPTION
Extent x, 69 leaves.;
440 ## - SERIES STATEMENT/ADDED ENTRY--TITLE
Title Thesis (M.A.) Christian Education (Nairobi Evangelical Graduate School of Theology(Kenya)
500 ## - GENERAL NOTE
General note Includes bibliographical references Thesis (M.A. Christian Eduation) - NEGST (Africana)
600 ## - SUBJECT ADDED ENTRY--PERSONAL NAME
Personal name Christian leadership.
600 ## - SUBJECT ADDED ENTRY--PERSONAL NAME
Personal name Values.
852 ## - LOCATION/CALL NUMBER
-- 10.00
852 ## - LOCATION/CALL NUMBER
-- 10.00
942 00 - ADDED ENTRY ELEMENTS (KOHA)
Koha issues (borrowed), all copies 2
Holdings
Withdrawn status Lost status Source of classification or shelving scheme Damaged status Not for loan Collection code Home library Current library Shelving location Date acquired Cost, normal purchase price Total Checkouts Full call number Barcode Date last seen Copy number Price effective from Koha item type Date checked out
    Library of Congress Classification     General Circulation AIU/NEGST - Tony Wilmot Memorial Library AIU/NEGST - Tony Wilmot Memorial Library General Stacks 06/05/2009 10.00   BV 652.1.M35 2007 R346503232 06/05/2009 2 06/05/2009 Books  
    Library of Congress Classification     Thesis AIU/NEGST - Tony Wilmot Memorial Library AIU/NEGST - Tony Wilmot Memorial Library Thesis in Reference 06/05/2009 10.00   THE BV 652.1.M35 2007 R34649N3232 09/26/2019 1 06/05/2009 Reference  
    Library of Congress Classification     General Circulation AIU/NEGST - Tony Wilmot Memorial Library AIU/NEGST - Tony Wilmot Memorial Library Cabinet 02/09/2015 2.00 4 PRO BV 652.1.M35 2007 R32373W3232 09/02/2019 3 02/09/2015 Proposal 10/16/2017